Top Chef Winners Quiz Stats

 Plays Quiz Retired Jun 23, 2021

     
Support Sporcle.
Go Orange.
Score 0/16 Timer 03:00
0 Plays Today
Season Chef % Correct
4Stephanie Izard
75.4%
8Richard Blais
74.7%
6Michael Voltaggio
72%
10Kristen Kish
65%
2Ilan Hall
64%
3Hung Huynh
62.7%
14Brooke Williamson
61.8%
1Harold Dieterle
59.6%
Season Chef % Correct
5Hosea Rosenberg
57.8%
16Kelsey Barnard Clark
50.4%
9Paul Qui
50.4%
7Kevin Sbraga
48.4%
12Mei Lin
48.2%
13Jeremy Ford
40.8%
15Joseph Flamm
40.5%
11Nicholas Elmi
39.5%

From the Vault

Cities That Have Lost an MLB Team

by sonar1313

Sports 4m
No, we're not talking about the 1915 Newark Peppers.
Remove Ads.
Support Sporcle.
Get the best of Sporcle when you Go Orange. This ad-free experience offers more features, more stats, and more fun while also helping to support Sporcle. Thank you for becoming a member.

Show Comments

Extras

Top Quizzes Today


Score Distribution

Your Account Isn't Verified!

In order to create a playlist on Sporcle, you need to verify the email address you used during registration. Go to your Sporcle Settings to finish the process.

Report this User

Report this user for behavior that violates our Community Guidelines.

Details: